WTO : Những quy tắc cơ bản /
Đã lưu trong:
| Tác giả chính: | |
|---|---|
| Tác giả khác: | , |
| Định dạng: | Sách giấy |
| Ngôn ngữ: | Vietnamese |
| Được phát hành: |
H. :
Khoa học Xã hội,
2003
|
| Những chủ đề: | |
| Các nhãn: |
Thêm thẻ
Không có thẻ, Là người đầu tiên thẻ bản ghi này!
|
| Thư viện lưu trữ: | Thư viện Trường Đại học Đà Lạt |
|---|
| LEADER | 00873nam a2200325 4500 | ||
|---|---|---|---|
| 001 | DLU050030678 | ||
| 005 | ##20050107 | ||
| 040 | # | # | |a DLU |b vie |
| 041 | # | # | |a vie |
| 044 | # | # | |a vn |
| 082 | # | # | |a 382.92 |b NH-T |
| 100 | # | # | |a Nhiệm Tuyền |
| 245 | # | # | |a WTO : |b Những quy tắc cơ bản / |c Nhiệm Tuyền, Nhiệm Đĩnh; Trịnh Hồng Hạnh dịch |
| 260 | # | # | |a H. : |b Khoa học Xã hội, |c 2003 |
| 300 | # | # | |a 623 tr. ; |c 21 cm |
| 653 | # | # | |a Kinh tế thế giới |
| 653 | # | # | |a Tổ chức thương mại thế giới |
| 653 | # | # | |a Thương mại quốc tế |
| 700 | # | # | |a Nhiệm Đĩnh |
| 700 | # | # | |a Trịnh Hồng Hạnh |e dịch |
| 923 | # | # | |a 34/2004 |
| 992 | # | # | |a 68.000 |
| 994 | # | # | |a DLU |
| 900 | # | # | |a True |
| 911 | # | # | |a Đào Thị Thu Huyền |
| 925 | # | # | |a G |
| 926 | # | # | |a A |
| 927 | # | # | |a SH |
| 980 | # | # | |a Thư viện Trường Đại học Đà Lạt |